Invertebrata / (Record no. 171212)

MARC details
000 -LEADER
fixed length control field 00794nam a22002537a 4500
005 - DATE AND TIME OF LATEST TRANSACTION
control field 20200108161957.0
010 ## - LCCN (DPL NO)
LC control number ENG-127330-31
020 ## - INTERNATIONAL STANDARD BOOK NUMBER
Terms of availability 550.00
International Standard Book Number 9789386519221 (V.1)
020 ## - INTERNATIONAL STANDARD BOOK NUMBER
Terms of availability 290.00
International Standard Book Number 9789386519238 (V.2)
035 ## - SYSTEM CONTROL NUMBER
System control number EN-110862-863
037 ## - SOURCE OF ACQUISITION
Stock number DPL
Source of stock number/acquisition Saras Publication
082 ## - DEWEY DECIMAL CLASSIFICATION NUMBER
Classification number 592
100 ## - MAIN ENTRY--PERSONAL NAME
Personal name Arumugam,N.
245 ## - TITLE STATEMENT
Title Invertebrata /
Statement of responsibility, etc by N.Arumugam...[et all]
260 ## - PUBLICATION, DISTRIBUTION, ETC. (IMPRINT)
Place of publication, distribution, etc Tamil Nad
Name of publisher, distributor, etc Saras Punlication
Date of publication, distribution, etc 2015
270 ## - ADDRESS
Address 114/35G A.R.P Camp Road,Periavilai,Kottar,Nagercoil
City Tamil Nad
Postal code 629002
300 ## - PHYSICAL DESCRIPTION
Extent 2V.(1224p.;498p.) :
Dimensions 24cm(pbk)
500 ## - GENERAL NOTE
General note Includes index
505 ## - FORMATTED CONTENTS NOTE
Formatted contents note `V.1Invertebrata ; V.2- Invertebrata
700 ## - ADDED ENTRY--PERSONAL NAME
Personal name Kannan,S
700 ## - ADDED ENTRY--PERSONAL NAME
Personal name Ragunathan,M.G
700 ## - ADDED ENTRY--PERSONAL NAME
Personal name Smith,Robin Perinba
942 ## - ADDED ENTRY ELEMENTS (KOHA)
Source of classification or shelving scheme Dewey Decimal Classification
Item type English Books
Call number suffix ARU
Classification part 592
Holdings
Withdrawn status Lost status Materials specified (bound volume or other part) Not for loan Collection code Home library Current library Date acquired Source of acquisition Cost, normal purchase price Full call number Barcode Copy number Cost, replacement price Koha item type
    v.1   Non-fiction Andrews Gunj Andrews Gunj 08/01/2020 DBAD/PUB 550.00 592 ARU EN-110862 1 550.00 English Books
    v.2   Non-fiction Andrews Gunj Andrews Gunj 08/01/2020 DBAD/PUB 290.00 592 ARU EN-110863 1 290.00 English Books

© Delhi Public Library
Hit Counter
free hit counter